LEADER 01111nam0-22003491i-450- 001 990005474360403321 005 20110215123138.0 035 $a000547436 035 $aFED01000547436 035 $a(Aleph)000547436FED01 035 $a000547436 100 $a19990604d1980----km-y0itay50------ba 101 0 $aita 105 $ay-------001yy 200 1 $aRelazioni degli ambasciatori veneti al senato$fa cura di Angelo Ventura 210 $aBari$cLaterza$d1980 215 $a2 v.$d18 cm 225 1 $aUniversale Laterza 610 0 $aAmbasciatori veneti$aRelazioni$aSec. 16.-18. 610 0 $aVenezia $aPolitica estera$aSec. 16.-17.$aFonti diplomatiche 676 $a945.31$v21$zita 676 $a327 702 1$aVentura,$bAngelo$f<1930- > 710 01$aVenezia$c$032791 801 0$aIT$bUNINA$gRICA$2UNIMARC 901 $aBK 912 $a990005474360403321 952 $a945.31 VEN 2 (1)$bST.MED.MOD. 9502$fFLFBC 952 $a945.31 VEN 2 (2)$bST.MED.MOD. 9502$fFLFBC 959 $aFLFBC 996 $aRelazioni degli ambasciatori veneti al Senato$9232479 997 $aUNINA LEADER 00897nam0-22003371i-450 001 990001783490403321 005 20210302101636.0 010 $a88-206-3824-X 035 $a000178349 035 $aFED01000178349 035 $a(Aleph)000178349FED01 035 $a000178349 100 $a20030910d1993----km-y0itay50------ba 101 0 $aita 102 $aIT 105 $aa-------001yy 200 1 $aFondamenti di chimica vegetale$fLuciano Radaelli 205 $a2. ed. 210 $aBologna$cEdagricole$d1993 215 $a266 p.$cill.$d24 cm 610 0 $aChimica vegetale 676 $a581.19 676 $a572.2$v23$zita 700 1$aRadaelli,$bLuciano$0356659 801 0$aIT$bUNINA$gRICA$2UNIMARC 901 $aBK 912 $a990001783490403321 952 $a60 572.2 RADL 1993$b4505$fFAGBC 959 $aFAGBC 996 $aFondamenti di chimica vegetale$9408051 997 $aUNINA